[Event "Chess Kids U13 B playoff"]
[Site "Chess.com INT"]
[Date "2024.06.29"]
[Round "1.1"]
[White "Mendes, Aaron Reeve"]
[Black "Banerjee, Supratit"]
[Result "0-1"]
[WhiteElo "2312"]
[BlackElo "2161"]
[PlyCount "150"]
[GameId "2063908902260736"]
[EventDate "2024.06.29"]
[EventType "match"]
[EventRounds "3"]
[EventCountry "NET"]
[SourceTitle "EXT 2025"]
[Source "ChessBase"]
[SourceDate "2024.10.14"]
[SourceVersion "1"]
[SourceVersionDate "2024.10.14"]
[SourceQuality "1"]
[WhiteTeam "CAN"]
[BlackTeam "ENG"]

1. e4 c6 2. Nf3 d5 3. Nc3 dxe4 4. Nxe4 Nf6 5. Nxf6+ exf6 6. d4 Bd6 7. Bd3 O-O 8. O-O Re8 9. h3 Nd7 10. c4 Nf8 11. Bd2 Ng6 12. Re1 Bd7 13. Qc2 Qc7 14. b4 Bf4 15. Re4 Bxd2 16. Qxd2 Rxe4 17. Bxe4 Re8 18. Re1 f5 19. Bc2 Qd8 20. Rxe8+ Qxe8 21. Kf1 Be6 22. Bb3 Ne7 23. Qd3 Ng6 24. g3 Bd7 25. Qe2 Qe4 26. Bc2 Qxe2+ 27. Kxe2 Be6 28. Bd3 a6 29. a4 f6 30. h4 f4 31. h5 Ne7 32. gxf4 Bg4 33. h6 gxh6 34. Ke3 h5 35. Nh4 Be6 36. Be2 Bf7 37. f5 Kf8 38. Kf4 Nc8 39. Ng2 Nb6 40. Ne3 Nxa4 41. d5 Nc3 42. Bf3 cxd5 43. cxd5 Ke7 44. d6+ Kxd6 45. Bxb7 Na2 46. Bxa6 Nxb4 47. Be2 h4 48. Kg4 Nd5 49. Nc4+ Kc5 50. Nd2 h3 51. Kg3 h2 52. Kxh2 Kd4 53. Kg3 Ke5 54. Bd3 Kd4 55. Bb1 Nc3 56. Nf3+ Kd5 57. Bc2 Kd6 58. Kf4 Bd5 59. Nh4 Ne2+ 60. Ke3 Nc3 61. Kd4 Nb5+ 62. Ke3 Na3 63. Bd3 Nc4+ 64. Kd4 Ne5 65. Be2 Nc6+ 66. Ke3 Ne7 67. Bg4 Ke5 68. Nf3+ Bxf3 69. Kxf3 Nxf5 70. Bh3 Nd4+ 71. Ke3 Ne6 72. Bg4 Nf4 73. f3 h5 74. Bc8 h4 75. Kf2 f5 0-1

[Event "Chess Kids U13 B playoff"]
[Site "Chess.com INT"]
[Date "2024.06.29"]
[Round "1.2"]
[White "Banerjee, Supratit"]
[Black "Mendes, Aaron Reeve"]
[Result "0-1"]
[WhiteElo "2161"]
[BlackElo "2312"]
[PlyCount "148"]
[GameId "2063908902264832"]
[EventDate "2024.06.29"]
[EventType "match"]
[EventRounds "3"]
[EventCountry "NET"]
[SourceTitle "EXT 2025"]
[Source "ChessBase"]
[SourceDate "2024.10.14"]
[SourceVersion "1"]
[SourceVersionDate "2024.10.14"]
[SourceQuality "1"]
[WhiteTeam "ENG"]
[BlackTeam "CAN"]

1. e4 c5 2. c3 Nf6 3. e5 Nd5 4. Nf3 e6 5. d4 cxd4 6. cxd4 d6 7. Be2 Nc6 8. O-O Be7 9. Nc3 Nxc3 10. bxc3 dxe5 11. Nxe5 Nxe5 12. dxe5 Qc7 13. Bb5+ Bd7 14. Bxd7+ Qxd7 15. Qf3 O-O 16. Be3 Qc7 17. Bd4 b6 18. a4 Rfd8 19. a5 bxa5 20. Qe2 Bc5 21. Rfd1 Rd5 22. Bxc5 Rxc5 23. Qe4 Rc8 24. h3 Qxe5 25. Qb7 h6 26. Qxa7 Qxc3 27. Rab1 Qc2 28. Ra1 R8c7 29. Qa8+ Kh7 30. Qf3 Qf5 31. Qe3 Rc3 32. Qd4 Rc2 33. Qd3 Rxf2 34. Rxa5 Qxd3 35. Rxd3 Rcc2 36. Rg3 g5 37. Rb5 Kg6 38. h4 f5 39. Rb6 Rfe2 40. hxg5 hxg5 41. Kh1 f4 42. Rd3 Rxg2 43. Rxe6+ Kh5 44. Rh3+ Kg4 45. Rh4+ Kxh4 46. Rh6+ Kg4 47. Rh4+ Kf5 48. Rxf4+ Ke5 49. Re4+ Kd5 50. Rd4+ Kc5 51. Rd5+ Kc4 52. Rd4+ Kc3 53. Rd3+ Kb2 54. Rb3+ Ka2 55. Ra3+ Kb1 56. Ra1+ Kb2 57. Rb1+ Kc3 58. Rb3+ Kc4 59. Rb4+ Kd3 60. Rd4+ Ke2 61. Re4+ Kd1 62. Re1+ Kd2 63. Rd1+ Ke2 64. Re1+ Kd3 65. Re3+ Kd2 66. Rd3+ Ke1 67. Rd1+ Kf2 68. Rf1+ Kg3 69. Rf3+ Kh4 70. Rf4+ Rg4 71. Rf1 Rd4 72. Rg1 g4 73. Rxg4+ Kxg4 74. Kg1 Rd1# 0-1

[Event "Chess Kids U13 B playoff"]
[Site "Chess.com INT"]
[Date "2024.06.29"]
[Round "1.3"]
[White "Banerjee, Supratit"]
[Black "Mendes, Aaron Reeve"]
[Result "0-1"]
[WhiteElo "2161"]
[BlackElo "2312"]
[PlyCount "80"]
[GameId "2063908902268928"]
[EventDate "2024.06.29"]
[EventType "match"]
[EventRounds "3"]
[EventCountry "NET"]
[SourceTitle "EXT 2025"]
[Source "ChessBase"]
[SourceDate "2024.10.14"]
[SourceVersion "1"]
[SourceVersionDate "2024.10.14"]
[SourceQuality "1"]
[WhiteTeam "ENG"]
[BlackTeam "CAN"]

1. e4 c5 2. c3 Nf6 3. e5 Nd5 4. d4 cxd4 5. cxd4 d6 6. Nf3 e6 7. Bc4 Nb6 8. Bb3 Nc6 9. O-O Be7 10. Nc3 O-O 11. exd6 Qxd6 12. Re1 Rd8 13. Be3 Qd7 14. Qe2 Nb4 15. Ne5 Qe8 16. Rad1 N4d5 17. Bd2 Bf6 18. Nb5 Bd7 19. Nd6 Qe7 20. Ndxf7 Rf8 21. Bxd5 Nxd5 22. Nxd7 Qxd7 23. Ne5 Bxe5 24. Qxe5 Rae8 25. Qg3 Qa4 26. Bh6 Rf7 27. a3 Qb5 28. Rc1 Qxb2 29. Rxe6 Qxc1+ 30. Bxc1 Rxe6 31. Bd2 Re2 32. Qg5 Nf6 33. h3 h6 34. Qf4 Ne4 35. Qb8+ Rf8 36. Qe5 Rfxf2 37. Qd5+ Kh8 38. Qd8+ Kh7 39. Be3 Rxg2+ 40. Kf1 Ng3# 0-1

[Event "Chess Kids U13 KO"]
[Site "Chess.com INT"]
[Date "2024.06.30"]
[Round "1.1"]
[White "Erdogmus, Yagiz Kaan"]
[Black "Mendes, Aaron Reeve"]
[Result "1-0"]
[WhiteElo "2576"]
[BlackElo "2312"]
[PlyCount "75"]
[GameId "2063908902518784"]
[EventDate "2024.06.30"]
[EventType "k.o."]
[EventRounds "2"]
[EventCountry "NET"]
[SourceTitle "EXT 2025"]
[Source "ChessBase"]
[SourceDate "2024.10.14"]
[SourceVersion "1"]
[SourceVersionDate "2024.10.14"]
[SourceQuality "1"]
[WhiteTeam "TUR"]
[BlackTeam "CAN"]

1. c4 c6 2. Nf3 Nf6 3. Nc3 d5 4. e3 e6 5. b3 Bd6 6. Bb2 O-O 7. Be2 Nbd7 8. Qc2 a6 9. d4 b6 10. O-O Bb7 11. Bd3 c5 12. cxd5 exd5 13. Rad1 h6 14. dxc5 Nxc5 15. Nd4 Rc8 16. Bf5 Rc7 17. Qb1 Qe7 18. Bh3 Qe5 19. g3 Qh5 20. Bg2 Nce4 21. Nxe4 dxe4 22. Nf5 Qxf5 23. Rxd6 Rc6 24. Rxc6 Bxc6 25. Bxf6 gxf6 26. Rc1 Qe6 27. Qc2 Bb7 28. Qe2 Rc8 29. Rd1 Kg7 30. Qh5 Rc5 31. Qe2 Qc8 32. Bf1 Rc2 33. Qh5 b5 34. Bh3 Qc7 35. Rd7 Rc1+ 36. Kg2 Qc5 37. Qxf7+ Kh8 38. Qh7# 1-0

[Event "Chess Kids U13 KO"]
[Site "Chess.com INT"]
[Date "2024.06.30"]
[Round "1.2"]
[White "Mendes, Aaron Reeve"]
[Black "Erdogmus, Yagiz Kaan"]
[Result "0-1"]
[WhiteElo "2312"]
[BlackElo "2576"]
[PlyCount "156"]
[GameId "2063908902526976"]
[EventDate "2024.06.30"]
[EventType "k.o."]
[EventRounds "2"]
[EventCountry "NET"]
[SourceTitle "EXT 2025"]
[Source "ChessBase"]
[SourceDate "2024.10.14"]
[SourceVersion "1"]
[SourceVersionDate "2024.10.14"]
[SourceQuality "1"]
[WhiteTeam "CAN"]
[BlackTeam "TUR"]

1. e4 e6 2. Nf3 d5 3. Nc3 Nf6 4. e5 Nfd7 5. d4 c5 6. Ne2 Nc6 7. c3 Be7 8. a3 a5 9. Nf4 O-O 10. h4 c4 11. Qc2 Re8 12. Ng5 Nf8 13. Be2 f6 14. Nf3 Qc7 15. exf6 Bxf6 16. Nh5 e5 17. Nxf6+ gxf6 18. dxe5 fxe5 19. Be3 Qg7 20. O-O-O Be6 21. h5 Rad8 22. h6 Qg6 23. Qd2 a4 24. Nh4 Qf7 25. Bb6 Qf6 26. Bxd8 Rxd8 27. Nf3 Na5 28. Kb1 Bf5+ 29. Ka2 Nb3 30. Qg5+ Qxg5 31. Nxg5 b5 32. Bf3 d4 33. Bc6 Bc2 34. Bxb5 Na5 35. Rd2 Bb3+ 36. Kb1 Rb8 37. Ba6 d3 38. Re1 Ra8 39. Bb5 Ng6 40. Bd7 Ra7 41. Be6+ Kf8 42. Bd5 Nf4 43. Be4 Kg8 44. g3 Nh5 45. Bd5+ Kf8 46. Ne6+ Ke7 47. Nc5 Kd6 48. Bf3 Kxc5 49. Bxh5 Re7 50. Bf3 Nc6 51. Bxc6 Kxc6 52. Re4 Kd5 53. f3 Rf7 54. Rf2 Rxf3 55. Rxe5+ Kxe5 56. Rxf3 d2 57. Rf1 d1=Q+ 58. Rxd1 Bxd1 59. Kc1 Bb3 60. Kd2 Kf5 61. Ke3 Kg6 62. Kf4 Kxh6 63. Kf5 Kh5 64. g4+ Kh4 65. g5 Kh5 66. Kf6 Kg4 67. Kg7 Bc2 68. Kh6 Kh4 69. Kg7 Kxg5 70. Kh8 h5 71. Kg7 Bb3 72. Kg8 h4 73. Kg7 h3 74. Kg8 h2 75. Kg7 h1=Q 76. Kg8 Qb7 77. Kh8 Kf6 78. Kg8 Qg7# 0-1

[Event "Chess Kids U13 KO"]
[Site "Chess.com INT"]
[Date "2024.06.30"]
[Round "1.3"]
[White "Erdogmus, Yagiz Kaan"]
[Black "Mendes, Aaron Reeve"]
[Result "1-0"]
[WhiteElo "2576"]
[BlackElo "2312"]
[PlyCount "107"]
[GameId "2063908902535168"]
[EventDate "2024.06.30"]
[EventType "k.o."]
[EventRounds "2"]
[EventCountry "NET"]
[SourceTitle "EXT 2025"]
[Source "ChessBase"]
[SourceDate "2024.10.14"]
[SourceVersion "1"]
[SourceVersionDate "2024.10.14"]
[SourceQuality "1"]
[WhiteTeam "TUR"]
[BlackTeam "CAN"]

1. c4 c6 2. Nf3 Nf6 3. Nc3 d5 4. e3 e6 5. d4 Nbd7 6. Bd3 dxc4 7. Bxc4 b5 8. Bd3 Bb7 9. O-O a6 10. a4 b4 11. Ne4 c5 12. Nxf6+ Nxf6 13. Qe2 cxd4 14. Rd1 Bd6 15. Nxd4 O-O 16. Nf3 Ne4 17. Nd2 Nc5 18. Nc4 Bd5 19. Nxd6 Qxd6 20. e4 Bb3 21. Bc2 Qe7 22. Be3 Bxc2 23. Qxc2 Nb7 24. Rac1 Rad8 25. Rxd8 Rxd8 26. g3 h5 27. Qc7 Rd7 28. Qb8+ Kh7 29. Rc8 Qf6 30. Rh8+ Kg6 31. Kg2 Nd8 32. Qxb4 Nc6 33. Qc5 e5 34. Rc8 Ne7 35. Rb8 Rd6 36. b4 Rc6 37. Rb6 h4 38. b5 axb5 39. axb5 h3+ 40. Kxh3 Qf3 41. Rxc6+ Kh5 42. Qxe5+ f5 43. Qxg7 Qg4+ 44. Qxg4+ fxg4+ 45. Kg2 Nf5 46. Rc5 Kg6 47. Rxf5 Kh7 48. b6 Kh8 49. b7 Kh7 50. b8=Q Kg6 51. Qd6+ Kh7 52. Rf7+ Kg8 53. Qg6+ Kh8 54. Qg7# 1-0

[Event "Titled Tuesday intern op 02nd Jul Late"]
[Site "Chess.com INT"]
[Date "2024.07.02"]
[Round "2"]
[White "Mendes, Aaron Reeve"]
[Black "Merino Garcia, Rafael"]
[Result "1-0"]
[WhiteElo "2312"]
[BlackElo "2382"]
[PlyCount "103"]
[GameId "2065220348301312"]
[EventDate "2024.07.02"]
[EventType "swiss (blitz)"]
[EventRounds "11"]
[EventCountry "USA"]
[SourceTitle "EXT 2025"]
[Source "ChessBase"]
[SourceDate "2024.10.14"]
[SourceVersion "1"]
[SourceVersionDate "2024.10.14"]
[SourceQuality "1"]

1. Nf3 d6 2. b3 Nd7 3. Bb2 e5 4. d3 g6 5. Nbd2 Bg7 6. g3 Ne7 7. Bg2 O-O 8. O-O f5 9. e4 f4 10. d4 exd4 11. Nxd4 Ne5 12. Rb1 c5 13. N4f3 N7c6 14. Nxe5 Nxe5 15. f3 Be6 16. c4 Qe7 17. Qe2 Nc6 18. g4 Bd4+ 19. Kh1 Qf6 20. Bxd4 Nxd4 21. Qf2 g5 22. Rbc1 Qe5 23. Rfe1 a5 24. a4 Rf6 25. h4 gxh4 26. Qxh4 Kg7 27. Kg1 Rg6 28. Qe7+ Kh8 29. Qxb7 Rag8 30. Kf2 Bxg4 31. Rh1 R6g7 32. Qd5 Be6 33. Qxe5 dxe5 34. Rh2 Rb8 35. Rh5 Nxb3 36. Rb1 Rgb7 37. Rxb3 Rxb3 38. Nxb3 Rxb3 39. Rxe5 Rb2+ 40. Kg1 Bxc4 41. Rxc5 Bb3 42. Rxa5 Ra2 43. Ra8+ Kg7 44. a5 Ra1+ 45. Kh2 Be6 46. a6 Ra2 47. a7 Bf7 48. Kg1 Kf6 49. Bh3 Kg5 50. e5 Kh4 51. e6 Kg3 52. exf7 1-0

[Event "Titled Tuesday intern op 02nd Jul Late"]
[Site "Chess.com INT"]
[Date "2024.07.02"]
[Round "4"]
[White "Mendes, Aaron Reeve"]
[Black "Dubkov, Andrej"]
[Result "1-0"]
[WhiteElo "2312"]
[BlackElo "2340"]
[PlyCount "69"]
[GameId "2065220350128128"]
[EventDate "2024.07.02"]
[EventType "swiss (blitz)"]
[EventRounds "11"]
[EventCountry "USA"]
[SourceTitle "EXT 2025"]
[Source "ChessBase"]
[SourceDate "2024.10.14"]
[SourceVersion "1"]
[SourceVersionDate "2024.10.14"]
[SourceQuality "1"]

1. Nf3 d5 2. b3 Nc6 3. Bb2 Nf6 4. e3 Bg4 5. d4 e6 6. Be2 Bd6 7. Nbd2 O-O 8. c4 Ne4 9. Nxe4 dxe4 10. Nd2 Bxe2 11. Qxe2 f5 12. Kd1 e5 13. c5 Be7 14. Qc4+ Kh8 15. d5 Nb8 16. Bxe5 Nd7 17. Bd4 b6 18. b4 a5 19. Ke2 axb4 20. d6 cxd6 21. c6 Nc5 22. Qxb4 Bf6 23. Nc4 f4 24. Qxb6 Qe7 25. c7 f3+ 26. Kd2 Bxd4 27. exd4 e3+ 28. fxe3 fxg2 29. Rhg1 Ne4+ 30. Kd3 d5 31. Nd2 Ra3+ 32. Nb3 Nf2+ 33. Kc2 Qxe3 34. Qc5 Ne4 35. Qxf8# 1-0

[Event "Titled Tuesday intern op 23rd Jul Early"]
[Site "Chess.com INT"]
[Date "2024.07.23"]
[Round "4"]
[White "Mendes, Aaron Reeve"]
[Black "Lintchevski, Daniil"]
[Result "1/2-1/2"]
[WhiteElo "2312"]
[BlackElo "2532"]
[PlyCount "184"]
[GameId "2072788608053248"]
[EventDate "2024.07.23"]
[EventType "swiss (blitz)"]
[EventRounds "11"]
[EventCountry "USA"]
[SourceTitle "EXT 2025"]
[Source "ChessBase"]
[SourceDate "2024.10.14"]
[SourceVersion "1"]
[SourceVersionDate "2024.10.14"]
[SourceQuality "1"]

1. e4 c5 2. Nf3 e6 3. b3 d5 4. exd5 exd5 5. Bb5+ Bd7 6. Bxd7+ Nxd7 7. O-O Ngf6 8. Re1+ Be7 9. Qe2 Kf8 10. Bb2 Bd6 11. d4 b6 12. Nbd2 Qc7 13. h3 h6 14. c4 Kg8 15. cxd5 Nxd5 16. Nc4 Bf8 17. dxc5 Nxc5 18. Rad1 Nf4 19. Qe3 Ng6 20. Nfe5 Re8 21. Qg3 Re6 22. b4 Na4 23. Ba1 b5 24. Na3 a6 25. Re4 Bd6 26. f4 Bxe5 27. Bxe5 Nxe5 28. Rxe5 Rxe5 29. fxe5 Kh7 30. Qd3+ g6 31. Qd6 Qb6+ 32. Qxb6 Nxb6 33. Rd6 Rb8 34. Kf2 Kg7 35. Ke3 Nc4+ 36. Nxc4 bxc4 37. a3 a5 38. bxa5 Rb3+ 39. Kd4 Rxa3 40. a6 c3 41. Kd3 g5 42. g4 Kh7 43. Rc6 Kg7 44. Kc2 Kh7 45. Rc7 Rxa6 46. Rxf7+ Kg6 47. Rd7 Ra5 48. Rd6+ Kg7 49. Re6 Rc5 50. Re7+ Kg6 51. e6 Rc6 52. Re8 Kf6 53. e7 Kf7 54. Rh8 Kxe7 55. Rh7+ Ke8 56. Rh8+ Kf7 57. Rh7+ Kg6 58. Re7 Kf6 59. Re3 Rc5 60. Re2 Ra5 61. Re3 Ra2+ 62. Kxc3 Ra3+ 63. Kd4 Rxe3 64. Kxe3 Ke5 65. Kf3 Kd4 66. Kg3 Ke3 67. h4 Ke4 68. hxg5 hxg5 69. Kh3 Kf4 70. Kh2 Kf3 71. Kh3 Kf2 72. Kh2 Ke3 73. Kh3 Kf4 74. Kh2 Kxg4 75. Kg2 Kf4 76. Kf2 Kf5 77. Kf3 Kg6 78. Kg4 Kh6 79. Kg3 Kh5 80. Kh3 g4+ 81. Kg3 Kg5 82. Kg2 Kf4 83. Kf2 Kf5 84. Kg3 Kg5 85. Kg2 Kh4 86. Kh2 g3+ 87. Kg2 Kg4 88. Kg1 Kf4 89. Kg2 Kg4 90. Kg1 Kh3 91. Kh1 Kh4 92. Kg2 Kg4 1/2-1/2

[Event "Titled Tuesday intern op 23rd Jul Early"]
[Site "Chess.com INT"]
[Date "2024.07.23"]
[Round "7"]
[White "Mendes, Aaron Reeve"]
[Black "Ternault, Mathieu"]
[Result "1-0"]
[WhiteElo "2312"]
[BlackElo "2332"]
[PlyCount "69"]
[GameId "2072788610646016"]
[EventDate "2024.07.23"]
[EventType "swiss (blitz)"]
[EventRounds "11"]
[EventCountry "USA"]
[SourceTitle "EXT 2025"]
[Source "ChessBase"]
[SourceDate "2024.10.14"]
[SourceVersion "1"]
[SourceVersionDate "2024.10.14"]
[SourceQuality "1"]

1. e4 Nc6 2. d4 d5 3. e5 Bf5 4. c3 e6 5. Bd3 f6 6. Bxf5 exf5 7. f4 fxe5 8. fxe5 Qh4+ 9. Kf1 O-O-O 10. Nf3 Qh5 11. Kf2 Nh6 12. h3 Be7 13. Bxh6 gxh6 14. g3 Rhg8 15. Rh2 Qg6 16. Rg2 h5 17. Nbd2 h4 18. Qg1 Qh6 19. gxh4 Bxh4+ 20. Ke2 Rg6 21. Rxg6 hxg6 22. Qg2 Be7 23. Rg1 g5 24. Nxg5 Rg8 25. Ndf3 Qh5 26. Kf2 Kb8 27. h4 a6 28. Qg3 Rf8 29. Ne6 Rh8 30. Nf4 Qh7 31. h5 Qh6 32. Ke3 Nd8 33. Qg6 Qf8 34. Nxd5 Rh6 35. Qg8 1-0

[Event "Titled Tuesday intern op 23rd Jul Early"]
[Site "Chess.com INT"]
[Date "2024.07.23"]
[Round "9"]
[White "Mendes, Aaron Reeve"]
[Black "Khruschiov, Alexey"]
[Result "1-0"]
[WhiteElo "2312"]
[BlackElo "2274"]
[PlyCount "75"]
[GameId "2072788612640768"]
[EventDate "2024.07.23"]
[EventType "swiss (blitz)"]
[EventRounds "11"]
[EventCountry "USA"]
[SourceTitle "EXT 2025"]
[Source "ChessBase"]
[SourceDate "2024.10.14"]
[SourceVersion "1"]
[SourceVersionDate "2024.10.14"]
[SourceQuality "1"]

1. e4 e5 2. Nf3 Nc6 3. d4 exd4 4. Nxd4 Nf6 5. Nxc6 bxc6 6. Nd2 d5 7. exd5 cxd5 8. Bb5+ Bd7 9. Bxd7+ Qxd7 10. O-O Be7 11. b3 O-O 12. Bb2 a5 13. c4 a4 14. cxd5 Qxd5 15. Qc2 axb3 16. Nxb3 Rfd8 17. Qxc7 Bd6 18. Qc3 Rac8 19. Qh3 Qg5 20. Bxf6 Qxf6 21. Rad1 g6 22. Rd3 Bb8 23. Rfd1 Kg7 24. Rxd8 Rxd8 25. Rxd8 Qxd8 26. Qc3+ f6 27. g3 Be5 28. Qf3 Qd7 29. Nc5 Qd2 30. Qb7+ Kh6 31. Ne6 f5 32. Qe7 Qe1+ 33. Kg2 Qe4+ 34. f3 Qe2+ 35. Kh3 Qf1+ 36. Kh4 Qc4+ 37. f4 Qc3 38. Qg5# 1-0

[Event "Titled Tuesday intern op 23rd Jul Late"]
[Site "Chess.com INT"]
[Date "2024.07.23"]
[Round "1"]
[White "Skaric, Djuro"]
[Black "Mendes, Aaron Reeve"]
[Result "1-0"]
[WhiteElo "2277"]
[BlackElo "2312"]
[PlyCount "81"]
[GameId "2072788615237632"]
[EventDate "2024.07.23"]
[EventType "swiss (blitz)"]
[EventRounds "11"]
[EventCountry "USA"]
[SourceTitle "EXT 2025"]
[Source "ChessBase"]
[SourceDate "2024.10.14"]
[SourceVersion "1"]
[SourceVersionDate "2024.10.14"]
[SourceQuality "1"]

1. g3 d5 2. Bg2 e5 3. d3 Nf6 4. Nf3 Bd6 5. O-O O-O 6. h3 c5 7. Nc3 Nc6 8. e4 d4 9. Ne2 b5 10. Ne1 c4 11. f4 Nd7 12. f5 f6 13. g4 Bb7 14. Rf2 a5 15. Bf1 a4 16. h4 Qc7 17. Rg2 Nc5 18. Ng3 a3 19. b3 cxb3 20. cxb3 b4 21. Nh1 Na7 22. g5 Nb5 23. Nf2 Nc3 24. Qh5 fxg5 25. hxg5 g6 26. fxg6 Qg7 27. gxh7+ Qxh7 28. Qg4 Qg6 29. Rh2 Bc8 30. Qh4 Be6 31. Ng4 Bxg4 32. Qxg4 Rf7 33. Rh6 Qg7 34. Rxd6 Rxf1+ 35. Kxf1 Rf8+ 36. Kg1 Qf7 37. Rf6 Qg7 38. Rxf8+ Qxf8 39. Bd2 Kg7 40. Qh5 Qd6 41. Qh6+ 1-0

[Event "Titled Tuesday intern op 23rd Jul Late"]
[Site "Chess.com INT"]
[Date "2024.07.23"]
[Round "2"]
[White "Mendes, Aaron Reeve"]
[Black "Lopez del Alamo, Antonio"]
[Result "1-0"]
[WhiteElo "2312"]
[BlackElo "2240"]
[PlyCount "56"]
[GameId "2072788616032256"]
[EventDate "2024.07.23"]
[EventType "swiss (blitz)"]
[EventRounds "11"]
[EventCountry "USA"]
[SourceTitle "EXT 2025"]
[Source "ChessBase"]
[SourceDate "2024.10.14"]
[SourceVersion "1"]
[SourceVersionDate "2024.10.14"]
[SourceQuality "1"]

1. Nf3 Nf6 2. b3 g6 3. e3 Bg7 4. Bb2 O-O 5. Be2 d6 6. O-O e5 7. d4 e4 8. Nfd2 Re8 9. c4 h5 10. Nc3 Bf5 11. Qc2 c6 12. b4 Nbd7 13. b5 Ng4 14. Bxg4 hxg4 15. Ba3 Nf6 16. Rab1 Nh7 17. c5 d5 18. Qa4 Bd7 19. bxc6 bxc6 20. Rb7 Ng5 21. Rxa7 Rxa7 22. Qxa7 Nf3+ 23. gxf3 gxf3 24. Kh1 Qh4 25. Qxd7 Ra8 26. Bb4 Bxd4 27. exd4 Kg7 28. Qd6 Rh8 1-0

[Event "Titled Tuesday intern op 23rd Jul Late"]
[Site "Chess.com INT"]
[Date "2024.07.23"]
[Round "5"]
[White "Le Goff, Ronan"]
[Black "Mendes, Aaron Reeve"]
[Result "1-0"]
[WhiteElo "2218"]
[BlackElo "2312"]
[PlyCount "75"]
[GameId "2072788618911744"]
[EventDate "2024.07.23"]
[EventType "swiss (blitz)"]
[EventRounds "11"]
[EventCountry "USA"]
[SourceTitle "EXT 2025"]
[Source "ChessBase"]
[SourceDate "2024.10.14"]
[SourceVersion "1"]
[SourceVersionDate "2024.10.14"]
[SourceQuality "1"]

1. d4 d5 2. c4 c6 3. Nf3 Nf6 4. e3 e6 5. Nc3 Nbd7 6. Qc2 dxc4 7. a4 b6 8. Bxc4 Bb7 9. O-O c5 10. Rd1 cxd4 11. Nxd4 Bc5 12. a5 bxa5 13. Na4 Qe7 14. Nxc5 Nxc5 15. Rxa5 O-O 16. b4 Ncd7 17. Ba3 Rfc8 18. b5 Qd8 19. Bb4 Nb6 20. Nc6 Qc7 21. Bd6 Qd7 22. Ne7+ Kh8 23. Nxc8 Rxc8 24. Bc5 Qc7 25. Bxb6 axb6 26. Ra7 Qb8 27. Ra4 h5 28. Qe2 h4 29. h3 Qe5 30. Bd3 g5 31. Rd4 Kg7 32. f4 gxf4 33. Rxf4 Qg5 34. Rdf1 Rc5 35. Rxf6 Qxf6 36. Rxf6 Kxf6 37. Qf2+ Kg7 38. Qxh4 1-0

[Event "Titled Tuesday intern op 23rd Jul Late"]
[Site "Chess.com INT"]
[Date "2024.07.23"]
[Round "6"]
[White "Mendes, Aaron Reeve"]
[Black "Jodar Arias, Marlon"]
[Result "1-0"]
[WhiteElo "2312"]
[BlackElo "2189"]
[PlyCount "75"]
[GameId "2072788619804672"]
[EventDate "2024.07.23"]
[EventType "swiss (blitz)"]
[EventRounds "11"]
[EventCountry "USA"]
[SourceTitle "EXT 2025"]
[Source "ChessBase"]
[SourceDate "2024.10.14"]
[SourceVersion "1"]
[SourceVersionDate "2024.10.14"]
[SourceQuality "1"]

1. Nf3 Nf6 2. b3 g6 3. Bb2 Bg7 4. e4 O-O 5. e5 Nd5 6. c4 Nb6 7. c5 Nd5 8. Nc3 Nxc3 9. Bxc3 b6 10. cxb6 axb6 11. Bd3 Ba6 12. Be4 Ra7 13. h4 h5 14. Qc2 d5 15. exd6 cxd6 16. Ng5 Qe8 17. O-O-O Bb7 18. g4 d5 19. Bd3 e5 20. gxh5 e4 21. hxg6 fxg6 22. Bxg7 exd3 23. Qc7 Na6 24. Qxb6 Kxg7 25. Qxa7 Qc6+ 26. Kb2 Ra8 27. Qd4+ Qf6 28. Qxf6+ Kxf6 29. Rh3 Nb4 30. a3 Nc2 31. Rxd3 Nxa3 32. Ra1 Nb5 33. Rxa8 Bxa8 34. Rf3+ Ke5 35. Rf8 Bc6 36. f4+ Kd4 37. f5 gxf5 38. h5 1-0

[Event "Titled Tuesday intern op 23rd Jul Late"]
[Site "Chess.com INT"]
[Date "2024.07.23"]
[Round "10"]
[White "Mendes, Aaron Reeve"]
[Black "Womacka, Mathias"]
[Result "1-0"]
[WhiteElo "2312"]
[BlackElo "2359"]
[PlyCount "59"]
[GameId "2072788622520320"]
[EventDate "2024.07.23"]
[EventType "swiss (blitz)"]
[EventRounds "11"]
[EventCountry "USA"]
[SourceTitle "EXT 2025"]
[Source "ChessBase"]
[SourceDate "2024.10.14"]
[SourceVersion "1"]
[SourceVersionDate "2024.10.14"]
[SourceQuality "1"]

1. Nf3 c5 2. e3 Nf6 3. b3 e6 4. Bb2 Be7 5. d4 b6 6. c4 Bb7 7. Nc3 cxd4 8. exd4 d5 9. Be2 O-O 10. O-O Nc6 11. Rc1 Rc8 12. Ne5 dxc4 13. Nxc6 Bxc6 14. bxc4 Qd6 15. Qb3 Rfd8 16. Rfd1 Qf4 17. d5 exd5 18. cxd5 Bb7 19. g3 Qh6 20. Bf3 Bc5 21. h4 Re8 22. Na4 Bd6 23. Rxc8 Bxc8 24. Ba3 Ng4 25. Bxd6 Qxd6 26. Nb2 Ne5 27. Bg2 Bg4 28. Rd4 Nf3+ 29. Bxf3 Qe5 30. Rxg4 1-0

[Event "Titled Tuesday intern op 23rd Jul Late"]
[Site "Chess.com INT"]
[Date "2024.07.23"]
[Round "11"]
[White "Mendes, Aaron Reeve"]
[Black "Komliakov, Viktor"]
[Result "1-0"]
[WhiteElo "2312"]
[BlackElo "2372"]
[PlyCount "159"]
[GameId "2072788623532032"]
[EventDate "2024.07.23"]
[EventType "swiss (blitz)"]
[EventRounds "11"]
[EventCountry "USA"]
[SourceTitle "EXT 2025"]
[Source "ChessBase"]
[SourceDate "2024.10.14"]
[SourceVersion "1"]
[SourceVersionDate "2024.10.14"]
[SourceQuality "1"]

1. e4 e6 2. Nf3 d5 3. Nc3 Nf6 4. e5 Nfd7 5. d4 c5 6. Ne2 Nc6 7. c3 b5 8. a3 Qb6 9. Be3 a5 10. h4 Ba6 11. h5 h6 12. Nf4 b4 13. axb4 axb4 14. Bxa6 Rxa6 15. O-O c4 16. Ra4 Be7 17. Qa1 Rxa4 18. Qxa4 O-O 19. Ra1 Rb8 20. Qa6 Qxa6 21. Rxa6 Rb6 22. Ra8+ Ndb8 23. g4 Kf8 24. Kg2 Ke8 25. Nh3 Ra6 26. Rxa6 Nxa6 27. g5 hxg5 28. Nhxg5 Bxg5 29. Nxg5 Nc7 30. Bd2 Na8 31. Nf3 bxc3 32. bxc3 Nb6 33. Kf1 Na4 34. Ke2 Na7 35. Kd1 Nb2+ 36. Kc2 Nd3 37. Be3 Nb5 38. Nh2 Na3+ 39. Kd2 Nb1+ 40. Kc2 Na3+ 41. Kd1 Kf8 42. Ng4 Kg8 43. Bd2 Nb5 44. Kc2 Na7 45. h6 gxh6 46. Bxh6 Kh7 47. Be3 Kg6 48. f3 Nc6 49. Nf6 Ne7 50. Nd7 Ne1+ 51. Kd2 Nxf3+ 52. Ke2 Nh4 53. Bf2 Nhf5 54. Kf3 Nh6 55. Be3 Nhg8 56. Kg4 Nf5 57. Bf4 f6 58. Nf8+ Kf7 59. Nd7 Ngh6+ 60. Kh5 Ng8 61. Kg4 fxe5 62. Nxe5+ Kf6 63. Bg5+ Kg7 64. Nc6 Nf6+ 65. Kf4 Nd7 66. Ne5 Nxe5 67. Kxe5 Kf7 68. Bc1 Ng3 69. Bd2 Ne4 70. Be1 Ke7 71. Bh4+ Kd7 72. Be1 Nd6 73. Bd2 Nf7+ 74. Kf6 Nd8 75. Ke5 Nc6+ 76. Kf6 Na5 77. Be1 Nb3 78. Ke5 Nc1 79. Bd2 Ke7 80. Bxc1 1-0